| 000 | 00417nam a2200157Ia 4500 | ||
|---|---|---|---|
| 008 | 210716s2012 xx 000 0 und d | ||
| 020 | _a9789381141748 | ||
| 041 | _aeng | ||
| 082 | _a005.368 HUSS | ||
| 100 | _aHussain, Suraiya. | ||
| 245 | _aSoftware engineering. | ||
| 250 | _a1 | ||
| 260 |
_aNew Delhi _bI K International Publishing House Pvt Ltd _c2012 |
||
| 300 | _aviii,192 | ||
| 650 | _aSoftware Engineering | ||
| 999 |
_c194165 _d194165 |
||